000 00432pab a2200133 454500
008 180718b xxu||||| |||| 00| 0 eng d
100 _aDharmalingam A.
245 _aFemale beedi workers in a South Indian village
362 _a28(27 & 28) 3-10 Jul 93, p.1461-468
650 _a Beedi Industry -- India -- Tamil Nadu
650 _aWomen -- Employment -- India -- Tamil Nadu
773 _aEconomic and Political Weekly
909 _a25304
999 _c25304
_d25304